=LDR 00000nam 2200000 4500 =001 INLIS000000000001111 =005 20200929092957 =035 ##$$a 0010-061300000001111 =008 200929################g##########0#ind## =041 ##$$a ind =082 ##$$a 306.02 =090 ##$$a 307, KIS k =245 ##$$a Kisah dari kampung halaman : $b Masyarakat suku, agama resmi dan pembangunan ( Seri Dian IV ) /$c Stepanus Djuweng...[ et al] =260 ##$$a Yogyakarta :$b Pustaka Pelajar,$c 1996 =300 ##$$a xiii, 310 hlm, ; $c 21 x 15 cm. =650 #4$$a Kebudayaan - Aneka Ragam =850 ##$$a NBPNMAT =020 ##$$a 979-8726-05-7 =084 ##$$a 306.02 KIS k =710 #$$a Juweng, Stepanus =990 ##$$a 106.156/pro-96 =990 ##$$a 106.157/pro-96 =990 ##$$a 106.158/pro-96 =990 ##$$a 113.115/pro-97 =990 ##$$a 113.117/pro-97 =990 ##$$a 113.116/Pro-97 =990 ##$$a 05440544 =990 ##$$a 05440544 =990 ##$$a 20706693 =990 ##$$a 106.156/pro-96 =990 ##$$a 106.157/pro-96 =990 ##$$a 106.158/pro-96 =990 ##$$a 113.115/pro-97 =990 ##$$a 113.117/pro-97 =990 ##$$a 113.116/Pro-97 =990 ##$$a 1200701087 =990 ##$$a 20706694 =990 ##$$a 106.156/pro-96 =990 ##$$a 106.157/pro-96 =990 ##$$a 106.158/pro-96 =990 ##$$a 113.115/pro-97 =990 ##$$a 113.117/pro-97 =990 ##$$a 113.116/Pro-97 =990 ##$$a 20706693 =990 ##$$a 01950195 =990 ##$$a 20706696/pb-07 =990 ##$$a 106.156/pro-96 =990 ##$$a 106.157/pro-96 =990 ##$$a 106.158/pro-96 =990 ##$$a 113.115/pro-97 =990 ##$$a 113.117/pro-97 =990 ##$$a 113.116/Pro-97 =990 ##$$a 20706693 =990 ##$$a 20706694 =990 ##$$a 20706696/pb-07 =990 ##$$a 106.156/pro-96 =990 ##$$a 106.157/pro-96 =990 ##$$a 106.158/pro-96 =990 ##$$a 113.115/pro-97 =990 ##$$a 113.117/pro-97 =990 ##$$a 113.116/Pro-97 =990 ##$$a 20706693 =990 ##$$a 20706694 =990 ##$$a 106.158/pro-96 =990 ##$$a 106.156/pro-96 =990 ##$$a 106.157/pro-96 =990 ##$$a 113.115/pro-97 =990 ##$$a 113.117/pro-97 =990 ##$$a 113.116/Pro-97 =990 ##$$a 20706693 =990 ##$$a 20706694 =990 ##$$a 20706696/pb-07